[Event "Oberliga Sued W 1718"]
[Site "Germany"]
[Date "2018.04.15"]
[Round "11.8"]
[White "Scheuermann, Gerhard"]
[Black "Tschilingiri, Vladimir"]
[Result "0-1"]
[WhiteElo "2146"]
[BlackElo "1964"]
[PlyCount "120"]
[EventDate "2017.09.10"]
[EventType "team-tourn"]
[EventRounds "11"]
[EventCountry "GER"]
[SourceTitle "EXT 2019"]
[Source "ChessBase"]
[SourceDate "2018.10.10"]
[SourceVersion "1"]
[SourceVersionDate "2018.10.10"]
[SourceQuality "1"]
[WhiteTeam "Schwarzenbach Caissa"]
[BlackTeam "Worms"]
[WhiteTeamCountry "GER"]
[BlackTeamCountry "GER"]

1. e4 e5 2. f4 Nc6 3. Nf3 exf4 4. d4 g5 5. Bc4 Bg7 6. 0-0 d6 7. c3 h6 8. g3 Bh3 9. Rf2 Nf6 10. gxf4 Nxe4 11. Re2 0-0 12. Nbd2 Nxd2 13. Bxd2 Qf6 14. Kh1 Rae8 15. Qe1 Bd7 16. Qf2 Rxe2 17. Bxe2 g4 18. Nh4 Re8 19. Re1 h5 20. Bd3 Rxe1+ 21. Qxe1 Qe7 22. Qf2 Qf6 23. Qe1 Ne7 24. Kg1 Qe6 25. Qe4 Qxe4 26. Bxe4 Bf6 27. Ng2 d5 28. Bd3 Bf5 29. Ne1 Kf8 30. Be2 Ng6 31. Nd3 Ke8 32. Nc5 b6 33. Nd3 Be7 34. Ne5 Bd6 35. Bb5+ Kf8 36. Bc6 Ne7 37. Bb7 a5 38. b3 f6 39. Nc6 Ng6 40. Na7 Bxf4 41. Bxf4 Nxf4 42. Nb5 c5 43. Kf2 cxd4 44. Nxd4 Bb1 45. Ke3 Ng6 46. a4 f5 47. Ne6+ Ke7 48. Bxd5 Kd6 49. c4 Ke5 50. Kf2 Bc2 51. Nc7 Bxb3 52. Na8 Bxa4 53. Nxb6 Bb3 54. Ke3 f4+ 55. Kd3 f3 56. Bf7 Nf4+ 57. Ke3 a4 58. Nd7+ Kd6 59. Nf6 Ke7 60. Kxf4 Kxf6 0-1

[Event "Oberliga Sued W 1314"]
[Site "Germany"]
[Date "2014.02.09"]
[Round "6.3"]
[White "Haasler, Andreas"]
[Black "Scheuermann, Gerhard"]
[Result "1-0"]
[WhiteElo "2263"]
[BlackElo "2173"]
[PlyCount "65"]
[EventDate "2013.10.13"]
[EventType "team-tourn"]
[EventRounds "9"]
[EventCountry "GER"]
[SourceTitle "EXT 2015"]
[Source "ChessBase"]
[SourceDate "2014.11.20"]
[SourceVersion "1"]
[SourceVersionDate "2014.11.20"]
[SourceQuality "1"]
[WhiteTeam "Heidesheim"]
[BlackTeam "Schwarzenbach II"]
[WhiteTeamCountry "GER"]
[BlackTeamCountry "GER"]

1. e4 e5 2. Nf3 Nc6 3. Bb5 Nd4 4. Bc4 Nxf3+ 5. Qxf3 Nf6 6. d4 d6 7. dxe5 dxe5 8. Qb3 Qe7 9. Nc3 c6 10. a4 g6 11. 0-0 Bg7 12. f4 0-0 13. fxe5 Qxe5 14. Bf4 Qd4+ 15. Kh1 Nxe4 16. Nxe4 Qxe4 17. Rae1 Qd4 18. Bxf7+ Kh8 19. c3 Qc5 20. Be3 Qh5 21. Qc4 Bf5 22. Rf4 b5 23. Qxc6 Rac8 24. Qb7 bxa4 25. Qxa7 Ra8 26. Qe7 a3 27. bxa3 Bxc3 28. Ref1 Bg7 29. Rxf5 Qe2 30. Bc4 Rfe8 31. Qxg7+ Kxg7 32. Rf7+ Kg8 33. Rf8+ 1-0

[Event "Oberliga Sued W 1112"]
[Site "Germany"]
[Date "2012.02.26"]
[Round "7"]
[White "Resa, Tobias"]
[Black "Scheuermann, Gerhard"]
[Result "1-0"]
[WhiteElo "2164"]
[BlackElo "2191"]
[PlyCount "115"]
[EventDate "2011.09.25"]
[EventType "team-tourn"]
[EventRounds "9"]
[EventCountry "GER"]
[SourceTitle "EXT 2013"]
[Source "ChessBase"]
[SourceDate "2012.11.22"]
[SourceVersion "1"]
[SourceVersionDate "2012.11.22"]
[SourceQuality "1"]
[WhiteTeam "Heidesheim"]
[BlackTeam "Schwarzenbach"]
[WhiteTeamCountry "GER"]
[BlackTeamCountry "GER"]

1. e4 e5 2. Nf3 Nf6 3. Nxe5 d6 4. Nf3 Nxe4 5. Nc3 Nxc3 6. dxc3 Be7 7. Be3 Be6 8. Qd2 Nc6 9. 0-0-0 Bxa2 10. b3 a5 11. Kb2 a4 12. Ra1 axb3 13. cxb3 Bxb3 14. Rxa8 Qxa8 15. Kxb3 Qa1 16. Qb2 Qd1+ 17. Qc2 Qa1 18. Qb2 Na5+ 19. Kc2 Qa4+ 20. Kb1 0-0 21. Bd3 Ra8 22. Qc2 Nb3 23. Qb2 Bf6 24. Bc2 Bxc3 25. Bxb3 Qe4+ 26. Bc2 Qb4 27. Bxh7+ Kxh7 28. Qxb4 Bxb4 29. Rc1 c5 30. Ng5+ Kg6 31. Ne4 Rd8 32. Rd1 c4 33. Kc2 Kf5 34. Ng3+ Ke6 35. Rb1 Ba5 36. Rxb7 Ra8 37. Ne4 Bd8 38. Ra7 Rxa7 39. Bxa7 f5 40. Nd2 d5 41. Bd4 g5 42. g3 Be7 43. Nf3 Bf6 44. Bxf6 Kxf6 45. h4 gxh4 46. gxh4 Kg6 47. Kd2 Kh5 48. Ke3 Kg4 49. Kd4 f4 50. Ne5+ Kxh4 51. Kxd5 c3 52. Ke4 c2 53. Nd3 Kg4 54. f3+ Kg3 55. Nc1 Kf2 56. Kxf4 Ke1 57. Ke4 Kd2 58. Nd3 1-0

[Event "Oberliga Sued W 0809"]
[Site "Germany"]
[Date "2009.03.01"]
[Round "7.8"]
[White "Scheuermann, Gerhard"]
[Black "Schatz, Dieter"]
[Result "1-0"]
[WhiteElo "2151"]
[BlackElo "2216"]
[PlyCount "49"]
[EventDate "2008.10.05"]
[EventType "team-tourn"]
[EventRounds "11"]
[EventCountry "GER"]
[SourceTitle "EXT 2012"]
[Source "ChessBase"]
[SourceDate "2011.11.24"]
[SourceVersion "1"]
[SourceVersionDate "2011.11.24"]
[SourceQuality "1"]
[WhiteTeam "Schwarzenbach"]
[BlackTeam "Landau"]
[WhiteTeamCountry "GER"]
[BlackTeamCountry "GER"]

1. e4 e6 2. d4 d5 3. e5 c5 4. c3 Nc6 5. Nf3 Qb6 6. a3 Nh6 7. b4 cxd4 8. cxd4 Nf5 9. Be3 Nxe3 10. fxe3 Be7 11. Bd3 f6 12. 0-0 Bd7 13. Nc3 fxe5 14. Nxe5 Nxe5 15. Qh5+ g6 16. Qxe5 Rg8 17. Qf4 Rf8 18. Qh6 0-0-0 19. Rxf8 Rxf8 20. Rc1 Kd8 21. Qxh7 a5 22. Qxg6 axb4 23. Nxd5 Qa5 24. Qg3 Bc6 25. Rxc6 1-0

[Event "Oberliga Sued W 0809"]
[Site "Germany"]
[Date "2009.01.18"]
[Round "5.6"]
[White "Scheuermann, Gerhard"]
[Black "Pernutz, Hans Gerhard"]
[Result "1/2-1/2"]
[WhiteElo "2151"]
[BlackElo "1955"]
[PlyCount "147"]
[EventDate "2008.10.05"]
[EventType "team-tourn"]
[EventRounds "11"]
[EventCountry "GER"]
[SourceTitle "EXT 2012"]
[Source "ChessBase"]
[SourceDate "2011.11.24"]
[SourceVersion "1"]
[SourceVersionDate "2011.11.24"]
[SourceQuality "1"]
[WhiteTeam "Schwarzenbach"]
[BlackTeam "Saarbruecken SVG"]
[WhiteTeamCountry "GER"]
[BlackTeamCountry "GER"]

1. e4 c5 2. c3 d5 3. exd5 Qxd5 4. d4 Nc6 5. Nf3 cxd4 6. cxd4 e6 7. Nc3 Qd8 8. Bb5 Nf6 9. 0-0 Be7 10. Re1 0-0 11. Bg5 Nb4 12. a3 Nbd5 13. Qd3 Nxc3 14. bxc3 Bd7 15. a4 Nd5 16. Bxe7 Nxe7 17. Ne5 Bc6 18. Re3 Rc8 19. Nxc6 bxc6 20. Ba6 Rb8 21. Rh3 h6 22. Rh5 Nd5 23. Qf3 Qf6 24. Qxf6 Nxf6 25. Rc5 Rb6 26. Bd3 Rc8 27. Rb1 Nd7 28. Ra5 Rxb1+ 29. Bxb1 Rc7 30. Be4 Kf8 31. Kf1 Ke7 32. Ke2 Kd6 33. Kd3 f6 34. f4 Rb7 35. g4 Rc7 36. h4 Nb6 37. c4 Nd7 38. g5 hxg5 39. fxg5 f5 40. Bf3 g6 41. h5 gxh5 42. Bxh5 e5 43. Bg6 exd4 44. Rxf5 c5 45. Rd5+ Ke7 46. Ke4 Kf8 47. a5 Kg7 48. Bf5 Nf8 49. Ke5 Rc6 50. Rd6 Ng6+ 51. Ke6 Nf4+ 52. Kd7 Rxd6+ 53. Kxd6 d3 54. Kxc5 d2 55. Bc2 Ne6+ 56. Kd6 Nxg5 57. a6 Kf6 58. Bd1 Ne4+ 59. Kc6 Ke7 60. Kb7 Kd6 61. Bf3 Nc5+ 62. Kxa7 Kc7 63. Bg4 Ne4 64. Bf3 Nc3 65. c5 d1Q 66. Bxd1 Nxd1 67. Ka8 Nb2 68. Ka7 Nc4 69. Ka8 Na5 70. Ka7 Nc6+ 71. Ka8 Nb8 72. Ka7 Nc6+ 73. Ka8 Ne7 74. Ka7 1/2-1/2

[Event "Oberliga Sued W 0809"]
[Site "Germany"]
[Date "2008.10.26"]
[Round "2.7"]
[White "Rueckert, Helge"]
[Black "Scheuermann, Gerhard"]
[Result "0-1"]
[WhiteElo "1955"]
[BlackElo "2151"]
[PlyCount "112"]
[EventDate "2008.10.05"]
[EventType "team-tourn"]
[EventRounds "11"]
[EventCountry "GER"]
[SourceTitle "EXT 2012"]
[Source "ChessBase"]
[SourceDate "2011.11.24"]
[SourceVersion "1"]
[SourceVersionDate "2011.11.24"]
[SourceQuality "1"]
[WhiteTeam "Illingen"]
[BlackTeam "Schwarzenbach"]
[WhiteTeamCountry "GER"]
[BlackTeamCountry "GER"]

1. g3 g6 2. Bg2 Bg7 3. f4 d6 4. d3 Nf6 5. Nf3 0-0 6. 0-0 c5 7. e4 Nc6 8. c3 Bg4 9. h3 Bd7 10. Be3 b5 11. Nbd2 Rb8 12. d4 Nh5 13. Kh2 b4 14. e5 bxc3 15. bxc3 cxd4 16. cxd4 dxe5 17. dxe5 Bh8 18. Rc1 Rb2 19. Ng5 Nxe5 20. fxe5 Bxe5 21. Bf4 Bxf4 22. gxf4 Bxh3 23. Rc2 Qd3 24. Nxh3 Rxc2 25. Nf3 Qxd1 26. Rxd1 Rxa2 27. Ne5 Rc8 28. Kg1 Rac2 29. Nd3 Nf6 30. Nhf2 h5 31. Ra1 R8c7 32. Bf3 Kg7 33. Kf1 e6 34. Bd1 R2c3 35. Ke2 Nd5 36. Ne4 R3c4 37. Kf3 Nc3 38. Nd2 Rd4 39. Ke3 Rd8 40. Bb3 Rcd7 41. Bc4 Nd5+ 42. Bxd5 Rxd5 43. Ra3 Rxd3+ 44. Rxd3 Rxd3+ 45. Kxd3 f6 46. Nf3 Kh6 47. Nd4 e5 48. fxe5 fxe5 49. Nc6 a6 50. Ke4 Kg5 51. Nxe5 a5 52. Kf3 a4 53. Nc4 Kh4 54. Kg2 g5 55. Kh2 g4 56. Kg2 Kg5 0-1

[Event "Oberliga Sued W 0607"]
[Site "Germany"]
[Date "2007.03.18"]
[Round "8.5"]
[White "Rueckert, Helge"]
[Black "Scheuermann, Gerhard"]
[Result "1/2-1/2"]
[WhiteElo "2174"]
[BlackElo "2162"]
[PlyCount "93"]
[EventDate "2006.10.15"]
[EventType "team-tourn"]
[EventRounds "9"]
[EventCountry "GER"]
[SourceTitle "EXT 2009"]
[Source "ChessBase"]
[SourceDate "2008.11.26"]
[SourceVersion "1"]
[SourceVersionDate "2008.11.26"]
[SourceQuality "1"]
[WhiteTeam "Illingen"]
[BlackTeam "Schwarzenbach"]
[WhiteTeamCountry "GER"]
[BlackTeamCountry "GER"]

1. g3 d5 2. f4 Nf6 3. Nf3 Bg4 4. Bg2 Nbd7 5. 0-0 c6 6. d3 Qc7 7. Qe1 Bxf3 8. Bxf3 e5 9. Nc3 0-0-0 10. e4 dxe4 11. Nxe4 Nxe4 12. Qxe4 Bd6 13. Bg4 Kb8 14. Bxd7 Rxd7 15. Be3 h5 16. Rae1 Re7 17. Qf5 f6 18. Kg2 h4 19. fxe5 Rxe5 20. Qf2 b6 21. Bf4 Reh5 22. g4 h3+ 23. Kg1 Ra5 24. a3 Ra4 25. c4 Ra5 26. Re6 Bxf4 27. Qxf4 Qxf4 28. Rxf4 Rd8 29. Re3 Re5 30. Rxh3 Rde8 31. Rh7 R8e7 32. Kg2 c5 33. h4 Re2+ 34. Rf2 R2e3 35. Rf3 Re2+ 36. Rf2 R2e3 37. h5 R3e5 38. h6 gxh6 39. Rxh6 Rg5 40. Kg3 Reg7 41. Rh4 f5 42. Rf4 fxg4 43. Re4 R5g6 44. d4 cxd4 45. Rxd4 Re6 46. Rd3 Re4 47. Rh8+ 1/2-1/2

[Event "Oberliga Sued W 0607"]
[Site "Germany"]
[Date "2007.02.25"]
[Round "7.5"]
[White "Scheuermann, Gerhard"]
[Black "Fritsche, Lutz"]
[Result "1-0"]
[WhiteElo "2162"]
[BlackElo "2325"]
[PlyCount "55"]
[EventDate "2006.10.15"]
[EventType "team-tourn"]
[EventRounds "9"]
[EventCountry "GER"]
[SourceTitle "EXT 2009"]
[Source "ChessBase"]
[SourceDate "2008.11.26"]
[SourceVersion "1"]
[SourceVersionDate "2008.11.26"]
[SourceQuality "1"]
[WhiteTeam "Schwarzenbach"]
[BlackTeam "Koblenz"]
[WhiteTeamCountry "GER"]
[BlackTeamCountry "GER"]

1. e4 d6 2. d4 c6 3. Nc3 Qc7 4. f4 e5 5. Nf3 Bg4 6. Be2 Nd7 7. 0-0 Ngf6 8. Be3 Be7 9. h3 Bxf3 10. Rxf3 b5 11. a3 0-0 12. Qd2 a5 13. Bd3 exd4 14. Bxd4 b4 15. Nd1 c5 16. Bxf6 Bxf6 17. c4 bxc3 18. bxc3 c4 19. Bc2 Rfe8 20. Ne3 Nb6 21. Kh2 Qc5 22. Rb1 Rad8 23. Rg3 Kh8 24. a4 g5 25. Ng4 gxf4 26. Qxf4 Bg5 27. Nh6 Bxh6 28. Qf6+ 1-0

[Event "Oberliga Sued W 0607"]
[Site "Germany"]
[Date "2006.12.10"]
[Round "4.4"]
[White "Scheuermann, Gerhard"]
[Black "Schluchter, Steffen"]
[Result "0-1"]
[WhiteElo "2162"]
[BlackElo "2128"]
[PlyCount "94"]
[EventDate "2006.10.15"]
[EventType "team-tourn"]
[EventRounds "9"]
[EventCountry "GER"]
[SourceTitle "EXT 2009"]
[Source "ChessBase"]
[SourceDate "2008.11.26"]
[SourceVersion "1"]
[SourceVersionDate "2008.11.26"]
[SourceQuality "1"]
[WhiteTeam "Schwarzenbach"]
[BlackTeam "Mutterstadt"]
[WhiteTeamCountry "GER"]
[BlackTeamCountry "GER"]

1. e4 c6 2. d4 d5 3. e5 g6 4. Nf3 Bg7 5. c4 Bg4 6. Nc3 e6 7. cxd5 exd5 8. Be2 Ne7 9. Bg5 h6 10. Bf4 Nf5 11. Qd2 Nd7 12. 0-0 Nf8 13. Rad1 Ne6 14. Be3 0-0 15. h3 Bxf3 16. Bxf3 f6 17. exf6 Qxf6 18. Bg4 Nexd4 19. Bf4 h5 20. Bg5 Qf7 21. Be2 Nxe2+ 22. Nxe2 Rae8 23. Rde1 Nd6 24. Qc2 Qf5 25. Qc1 Bxb2 26. Qxb2 Qxg5 27. Nd4 Qf6 28. Rxe8 Rxe8 29. Qc2 Kf7 30. Nf3 Re7 31. Qd2 Kg7 32. Re1 Rxe1+ 33. Qxe1 b6 34. h4 Ne4 35. Qb4 c5 36. Qa4 Qe7 37. Qc6 d4 38. Qd5 Nc3 39. Qc6 d3 40. Kh2 b5 41. Ng5 d2 42. Qc8 Qd6+ 43. g3 d1Q 44. Ne6+ Kf6 45. Nxc5 Q1d4 46. Qh8+ Kf5 47. Qc8+ Ke5 0-1

[Event "Oberliga Sued W 0607"]
[Site "Germany"]
[Date "2006.11.19"]
[Round "3.4"]
[White "Adocchio, Giampiero"]
[Black "Scheuermann, Gerhard"]
[Result "0-1"]
[WhiteElo "2171"]
[BlackElo "2162"]
[PlyCount "112"]
[EventDate "2006.10.15"]
[EventType "team-tourn"]
[EventRounds "9"]
[EventCountry "GER"]
[SourceTitle "EXT 2009"]
[Source "ChessBase"]
[SourceDate "2008.11.26"]
[SourceVersion "1"]
[SourceVersionDate "2008.11.26"]
[SourceQuality "1"]
[WhiteTeam "Frankenthal"]
[BlackTeam "Schwarzenbach"]
[WhiteTeamCountry "GER"]
[BlackTeamCountry "GER"]

1. e4 e5 2. Bc4 Nf6 3. d4 exd4 4. Nf3 d6 5. Ng5 d5 6. exd5 Bb4+ 7. c3 Qe7+ 8. Be2 dxc3 9. bxc3 Bd6 10. Nf3 0-0 11. 0-0 Nxd5 12. Qxd5 Qxe2 13. Re1 Qa6 14. Ng5 Qc6 15. Qd3 g6 16. Ne4 Be5 17. Ba3 Re8 18. f4 Bg7 19. Nbd2 Bf5 20. Re3 Nd7 21. Rae1 Nf6 22. h3 Nxe4 23. Nxe4 Bxe4 24. Rxe4 Rxe4 25. Rxe4 Qxc3 26. Qxc3 Bxc3 27. Re7 Rc8 28. Kf2 a5 29. Rd7 Bb4 30. Bb2 Bd6 31. Be5 Bxe5 32. fxe5 Kf8 33. Kf3 h6 34. Ke4 b5 35. Kd5 c5 36. Rb7 b4 37. Kc4 Re8 38. Kd5 Rd8+ 39. Kxc5 Rd2 40. a3 bxa3 41. Rb3 a2 42. Ra3 Rxg2 43. Rxa5 Rh2 44. Kd5 Rxh3 45. Rxa2 Re3 46. Kd4 Re1 47. Ra5 h5 48. Kd3 Ke7 49. Kd2 Rf1 50. Ke2 Rf5 51. Ke3 f6 52. exf6+ Kxf6 53. Ra6+ Kg5 54. Ra8 Kg4 55. Ra4+ Kg3 56. Ra1 g5 0-1

[Event "Oberliga Sued W 0607"]
[Site "Germany"]
[Date "2006.10.29"]
[Round "2.4"]
[White "Scheuermann, Gerhard"]
[Black "Johann, Stefan"]
[Result "1/2-1/2"]
[WhiteElo "2162"]
[BlackElo "2202"]
[PlyCount "40"]
[EventDate "2006.10.15"]
[EventType "team-tourn"]
[EventRounds "9"]
[EventCountry "GER"]
[SourceTitle "EXT 2009"]
[Source "ChessBase"]
[SourceDate "2008.11.26"]
[SourceVersion "1"]
[SourceVersionDate "2008.11.26"]
[SourceQuality "1"]
[WhiteTeam "Schwarzenbach"]
[BlackTeam "Ludwigshafen"]
[WhiteTeamCountry "GER"]
[BlackTeamCountry "GER"]

1. e4 c6 2. d4 d5 3. e5 Bf5 4. Nd2 e6 5. Nb3 Nd7 6. f4 Nh6 7. Nf3 Bg6 8. Be3 Qc7 9. Rc1 Be7 10. Be2 0-0 11. h3 f5 12. 0-0 Bh5 13. c4 Nb6 14. Nc5 Bxc5 15. dxc5 Nxc4 16. Bxc4 dxc4 17. Qd6 Qc8 18. Ng5 Re8 19. Rf2 Nf7 20. Nxf7 Kxf7 1/2-1/2

[Event "Saarland-ch MA"]
[Site "Saarlouis Steinrausch"]
[Date "2005.03.23"]
[Round "6"]
[White "Scheuermann, Gerhard"]
[Black "Hell, Manfred"]
[Result "0-1"]
[WhiteElo "2160"]
[BlackElo "2022"]
[PlyCount "78"]
[EventDate "2005.03.18"]
[EventType "swiss"]
[EventRounds "9"]
[EventCountry "GER"]
[SourceTitle "EXT 2012"]
[Source "ChessBase"]
[SourceDate "2011.11.24"]
[SourceVersion "1"]
[SourceVersionDate "2011.11.24"]
[SourceQuality "1"]

1. e4 e6 2. d4 d5 3. e5 Qd7 4. Nf3 b6 5. a3 Bb7 6. Bd3 Ne7 7. 0-0 Nbc6 8. b4 h6 9. Nbd2 g5 10. c3 Ng6 11. g3 0-0-0 12. Nb3 g4 13. Ne1 h5 14. a4 Kb8 15. a5 Nce7 16. Qe2 f6 17. exf6 Nf5 18. axb6 cxb6 19. Ng2 Bd6 20. Nc5 bxc5 21. bxc5 Bc7 22. Bb5 Bc6 23. Qa2 Bxb5 24. Qxa7+ Kc8 25. c4 dxc4 26. Qa8+ Bb8 27. Nf4 Nxd4 28. h4 Bc6 29. Qa6+ Bb7 30. c6 Qxc6 31. Qxc6+ Bxc6 32. Nxg6 Nf3+ 33. Kh1 Nxh4+ 34. Kh2 Nxg6 35. Re1 h4 36. f4 gxf3 37. Bf4 Rd2+ 38. Bxd2 hxg3+ 39. Kg1 Rh1+ 0-1

[Event "Saarland-ch MA"]
[Site "Saarlouis Steinrausch"]
[Date "2005.03.21"]
[Round "4"]
[White "Spengler, Hanno"]
[Black "Scheuermann, Gerhard"]
[Result "1/2-1/2"]
[WhiteElo "2051"]
[BlackElo "2160"]
[PlyCount "106"]
[EventDate "2005.03.18"]
[EventType "swiss"]
[EventRounds "9"]
[EventCountry "GER"]
[SourceTitle "EXT 2012"]
[Source "ChessBase"]
[SourceDate "2011.11.24"]
[SourceVersion "1"]
[SourceVersionDate "2011.11.24"]
[SourceQuality "1"]

1. e4 c6 2. d4 d5 3. Nc3 dxe4 4. Nxe4 Bf5 5. Ng3 Bg6 6. Nf3 h6 7. Bc4 e6 8. 0-0 Nf6 9. Bb3 Nbd7 10. Qe2 Be7 11. Ne5 Nxe5 12. dxe5 Nd5 13. Bd2 a5 14. a4 0-0 15. Kh1 Qc7 16. f4 Rae8 17. Rae1 Bh4 18. Qg4 Bxg3 19. Qxg3 Kh7 20. Qf2 f6 21. exf6 Rxf6 22. Qa7 Nxf4 23. Bxa5 Qf7 24. Qd4 Re7 25. Qe3 Rf5 26. Bd2 Nd5 27. Qe2 Qf6 28. Bc1 Rf7 29. Rxf5 Qxf5 30. Kg1 Qf6 31. c3 Qh4 32. Bd2 e5 33. c4 Nf4 34. Bxf4 exf4 35. Bc2 Rf6 36. Bxg6+ Rxg6 37. Qe4 Qg4 38. Rf1 f3 39. Qxf3 Qxc4 40. b3 Qd4+ 41. Qf2 Qd3 42. Qf7 Qc2 43. Rf2 Qd1+ 44. Rf1 Qd4+ 45. Qf2 Qc3 46. Qf3 Qb4 47. h3 c5 48. Qd3 Qb6 49. Kh1 Qc6 50. Rf3 Qd6 51. Qe4 b6 52. Rd3 Qf6 53. Rf3 Qg5 1/2-1/2

[Event "Oberliga Sued W 0405"]
[Site "Germany"]
[Date "2005.03.13"]
[Round "8.5"]
[White "Scheuermann, Gerhard"]
[Black "Bauer, Martin"]
[Result "1-0"]
[WhiteElo "2160"]
[BlackElo "2140"]
[PlyCount "69"]
[EventDate "2004.10.03"]
[EventType "team-tourn"]
[EventRounds "9"]
[EventCountry "GER"]
[SourceTitle "EXT 2009"]
[Source "ChessBase"]
[SourceDate "2008.11.26"]
[SourceVersion "1"]
[SourceVersionDate "2008.11.26"]
[SourceQuality "1"]
[WhiteTeam "Schwarzenbach"]
[BlackTeam "Mainz"]
[WhiteTeamCountry "GER"]
[BlackTeamCountry "GER"]

1. e4 d6 2. d4 Nf6 3. Nc3 c6 4. f4 g6 5. Nf3 Bg7 6. Bd3 0-0 7. 0-0 Qb6 8. e5 Nd5 9. Nxd5 cxd5 10. Kh1 Bd7 11. a4 Bg4 12. c3 Rd8 13. h3 Bxf3 14. Qxf3 e6 15. g4 Nc6 16. b4 Rd7 17. Ra2 Rc8 18. exd6 Rxd6 19. Raf2 Rd7 20. Bd2 Rf8 21. b5 Na5 22. f5 exf5 23. gxf5 Nc4 24. Bg5 Re8 25. Re2 Rxe2 26. Qxe2 Nd6 27. fxg6 hxg6 28. h4 Qc7 29. h5 gxh5 30. Qxh5 Ne4 31. Bxe4 dxe4 32. Qg4 Kf8 33. Rg1 f6 34. Bf4 Qxc3 35. Bd6+ 1-0

[Event "Saarland-ch MA"]
[Site "Saarlouis"]
[Date "2004.04.05"]
[Round "4"]
[White "Scheuermann, Gerhard"]
[Black "Mueller, Reinhold"]
[Result "0-1"]
[WhiteElo "2157"]
[BlackElo "2039"]
[PlyCount "92"]
[EventDate "2004.04.02"]
[EventType "tourn"]
[EventRounds "9"]
[EventCountry "GER"]
[SourceTitle "CBM 099 Extra"]
[Source "ChessBase"]
[SourceDate "2004.05.04"]
[SourceVersion "1"]
[SourceVersionDate "2004.05.04"]
[SourceQuality "1"]

1. e4 c5 2. Nf3 d6 3. c3 Nf6 4. Be2 g6 5. 0-0 Bg7 6. d3 0-0 7. h3 Nc6 8. Be3 c4 9. Qc2 cxd3 10. Bxd3 d5 11. Nbd2 dxe4 12. Nxe4 Nd5 13. Bg5 h6 14. Bd2 Qc7 15. Rfe1 Rd8 16. Ng3 Nf4 17. Be4 Ne5 18. Bxf4 Nxf3+ 19. Bxf3 Qxf4 20. Rxe7 Rd2 21. Qe4 Qxe4 22. Nxe4 Rd8 23. Re1 Rb8 24. Nc5 Kf8 25. Bd5 Be6 26. Nxe6+ fxe6 27. Rxb7 exd5 28. Ree7 Rxb7 29. Rxb7 d4 30. cxd4 Bxd4 31. Kf1 Bb6 32. Ke2 Re8+ 33. Kf3 Re7 34. Rb8+ Kg7 35. a4 Rf7+ 36. Ke4 Rf4+ 37. Kxf4 Bc7+ 38. Ke4 Bxb8 39. b4 Kf6 40. f4 g5 41. f5 Bg3 42. b5 h5 43. a5 h4 44. b6 axb6 45. a6 Bb8 46. Kd5 Ba7 0-1

[Event "Saarland-ch MA"]
[Site "Saarlouis"]
[Date "2004.04.02"]
[Round "1"]
[White "Becker, Joerg"]
[Black "Scheuermann, Gerhard"]
[Result "1/2-1/2"]
[WhiteElo "2106"]
[BlackElo "2157"]
[PlyCount "84"]
[EventDate "2004.04.02"]
[EventType "tourn"]
[EventRounds "9"]
[EventCountry "GER"]
[SourceTitle "CBM 099 Extra"]
[Source "ChessBase"]
[SourceDate "2004.05.04"]
[SourceVersion "1"]
[SourceVersionDate "2004.05.04"]
[SourceQuality "1"]

1. d4 c5 2. e4 cxd4 3. c3 d3 4. c4 g6 5. Bxd3 Bg7 6. Nc3 Nc6 7. Nf3 d6 8. 0-0 Nf6 9. h3 0-0 10. Be3 Bd7 11. Rc1 Rc8 12. Be2 a6 13. Qd2 Na5 14. b3 b5 15. e5 dxe5 16. Nxe5 b4 17. Nd5 Nxd5 18. Qxd5 Be6 19. Qxd8 Rfxd8 20. Nd3 Nc6 21. Bb6 Rd7 22. Rcd1 Rb8 23. Be3 Nd4 24. Bxd4 Bxd4 25. Nf4 Bf5 26. Nd5 Bc5 27. g4 Be6 28. Nf4 Rd4 29. Rxd4 Bxd4 30. Nxe6 fxe6 31. Kg2 e5 32. Bf3 a5 33. Bd5+ Kg7 34. f4 Rf8 35. fxe5 Rxf1 36. Kxf1 Bxe5 37. Kg2 Kf6 38. Kf3 e6 39. Bb7 Bd6 40. Ke4 Bc5 41. Bc8 g5 42. Bb7 h6 1/2-1/2

[Event "Oberliga Sued W 0102"]
[Site "Germany"]
[Date "2002.04.14"]
[Round "?"]
[White "Scheuermann, Gerhard"]
[Black "Bakalarz, Mietek"]
[Result "1-0"]
[WhiteElo "2117"]
[BlackElo "2310"]
[PlyCount "79"]
[EventDate "2001.10.09"]
[EventType "team"]
[EventRounds "9"]
[EventCountry "GER"]
[SourceTitle "EXT 2003"]
[Source "ChessBase"]
[SourceDate "2002.11.25"]
[SourceVersion "1"]
[SourceVersionDate "2002.11.25"]
[SourceQuality "1"]

1. e4 c5 2. c3 e6 3. d4 d5 4. e5 Qb6 5. Nf3 Bd7 6. a3 Bb5 7. b4 cxd4 8. Bxb5+ Qxb5 9. cxd4 a5 10. Nc3 Qc6 11. Bd2 axb4 12. axb4 Rxa1 13. Qxa1 Bxb4 14. Qa8 Bxc3 15. Qxb8+ Kd7 16. 0-0 Bxd2 17. Nxd2 Qc8 18. Qd6+ Ke8 19. Nb3 Ne7 20. Rc1 Nc6 21. h3 Qd8 22. Qc5 f6 23. Qb5 Qe7 24. Nc5 Kf7 25. exf6 Nxd4 26. Qd3 Qxf6 27. Nd7 Qf4 28. Re1 Rd8 29. Ne5+ Kg8 30. g3 Qf5 31. Qxd4 Qxh3 32. Qb6 Rf8 33. Qxb7 Qf5 34. Qb6 h5 35. Nc6 Qf6 36. Nb4 Kf7 37. Nd3 Re8 38. Qc6 Rd8 39. Nf4 Re8 40. Nxd5 1-0

[Event "Oberliga Sued W 0102"]
[Site "Germany"]
[Date "2002.02.03"]
[Round "?"]
[White "Markmann, Ulrich"]
[Black "Scheuermann, Gerhard"]
[Result "1-0"]
[WhiteElo "2216"]
[BlackElo "2117"]
[PlyCount "115"]
[EventDate "2001.10.09"]
[EventType "team"]
[EventRounds "9"]
[EventCountry "GER"]
[SourceTitle "EXT 2003"]
[Source "ChessBase"]
[SourceDate "2002.11.25"]
[SourceVersion "1"]
[SourceVersionDate "2002.11.25"]
[SourceQuality "1"]

1. e4 e5 2. Nf3 Nf6 3. Nc3 Bb4 4. Nxe5 0-0 5. Be2 Re8 6. Nd3 Bxc3 7. dxc3 Nxe4 8. Nf4 c6 9. c4 d6 10. 0-0 Nd7 11. a4 Ne5 12. Ra3 Be6 13. Nxe6 fxe6 14. Qd4 Nf6 15. c5 Nf7 16. cxd6 Qxd6 17. Qxd6 Nxd6 18. Rd1 Nf5 19. g4 Nh4 20. g5 Nd5 21. Rb3 b6 22. c4 Nc7 23. a5 b5 24. Rd7 Rac8 25. Be3 a6 26. Bb6 bxc4 27. Bxc4 Nb5 28. Re3 c5 29. Rxe6 Rxe6 30. Bxe6+ Kh8 31. Rd5 Re8 32. Rd8 Nf3+ 33. Kg2 Rxd8 34. Bxd8 Ne1+ 35. Kf1 Nd3 36. Bc4 Nb4 37. Be7 Nc6 38. Bxb5 Nxe7 39. Bxa6 Nc6 40. Bb7 Nxa5 41. Bd5 g6 42. Ke2 Kg7 43. Kd3 h6 44. h4 hxg5 45. hxg5 Kf8 46. Kc3 Ke7 47. Be4 Kd6 48. Bxg6 Nc6 49. Bf7 Ke5 50. f4+ Kf5 51. g6 Kf6 52. Kc4 Nd4 53. Kxc5 Ne2 54. b4 Nxf4 55. b5 Nd3+ 56. Kd6 Nb4 57. b6 Na6 58. Bc4 1-0